000 00804cam a2200241 4500
001 WB3609-01
008 000000n2000 000 0 eng u
035 _a(Sirsi) u104534
245 _aResale of art
260 _c2000
490 _aFinancial Times
_v1 March 2000, 14(1)
520 _aDiscusses EU proposals to extend the droit de suite to all member states. Until now Britain has resisted this tax on the resale of works of art on the grounds that vendors would take their custom to the US or the Internet.
590 _aWB
650 _aDIRECTIVE 2001/84/EC
650 _aEUROPEAN UNION
650 _aFINE ART
650 _aArts and antiques
_96217
650 _aART MARKET
650 _aARTISTS RESALE LEVY
650 _aROYALTIES
690 _aArts and antiques
_96217
942 _n0
999 _c62722
_d62722